SWR1 Hitparade Baden Württemberg - die besten Hits aller Zeiten - Statistiken

Allgemein
  • Dieses Quiz wurde 25 mal gespielt
  • Das Durchschnittsergebnis liegt bei 7 aus 27
Antwortstatistiken
Heimteam % Korrekt
Bohemian Rhapsody
87%
Stairway to Heaven
78%
Atemlos durch die Nacht
35%
Child in Time
35%
Das Narrenschiff
35%
Der Hafer- und Bananenblues
35%
Let It Be
35%
Nothing Else Matters
35%
The Sound of Silence
35%
Smoke on the Water
26%
Don't Stop Believin'
22%
Hells Bells
22%
Music
22%
Yesterday
22%
Schrei nach Liebe
17%
Another Brick in the Wall
13%
Brothers in Arms
13%
(I Can't Get No) Satisfaction
13%
Tage wie diese
13%
Wish You Were Here
13%
Am Fenster
9%
Hotel California
9%
In the Mood
9%
We Are the Champions
9%
My Heart Will Go On
4%
Somewhere Over the Rainbow / What a Wonderful World
4%
The Look
4%
Keine übereinstimmenden Quizze gefunden
Verteilung der Resultate
Anzahl Personen mit jedem Resultat
Perzentil nach korrekt beantworteten Fragen
Ihre Resultats-Entwicklung
Sie haben dieses Quiz noch nicht gespielt